|
|
|
|
| LEADER |
00955nam a22002537a 4500 |
| 001 |
43601 |
| 003 |
BD-DhAAL |
| 005 |
20250819113627.0 |
| 008 |
241022t1998 ii a|||| |||| 00| 0 eng d |
| 040 |
|
|
|a BD-DhAAL
|
| 082 |
|
|
|a 821.7
|
| 245 |
|
|
|a Sonnets of wordsworth :
|b a critical study /
|c P. P. S. Chauhan.
|
| 260 |
|
|
|a New Delhi :
|b S. chand $ company,
|c 1998.
|
| 300 |
|
|
|a 186 pages ;
|c 23 cm.
|
| 504 |
|
|
|a Includes bibliographical references.
|
| 541 |
|
|
|a Savar campus library
|e 43601
|
| 600 |
|
|
|a Wordsworth, William,
|d 1770-1850
|x Criticism and interpretation.
|9 46785
|
| 650 |
|
|
|a Sonnets, English.
|9 57026
|
| 650 |
|
|
|a English literature.
|
| 650 |
|
|
|a English poetry.
|
| 700 |
|
|
|a Chauhan, P. P. S.
|9 57027
|
| 942 |
|
|
|2 ddc
|c BK
|
| 999 |
|
|
|c 47046
|d 47046
|
| 952 |
|
|
|0 0
|1 0
|2 ddc
|4 0
|6 821_700000000000000_SON
|7 0
|9 76734
|a SCL
|b SCL
|c GEN
|d 2024-10-22
|e Savar Campus Library
|l 0
|o 821.7 SON
|p 3020043601
|r 2024-10-22
|t 1
|w 2024-10-22
|y BK
|x Price not available in register.
|